[Event "High League 2022 men"]
[Site "Obninsk"]
[Date "2022.07.03"]
[Round "7.4"]
[White "Sviridov, Valery"]
[Black "Kezin, Roman"]
[Result "1-0"]
[LiveChessVersion "1.4.7"]
[BlackElo "2516"]
[WhiteElo "2571"]

1. d4 {[%clk 1:30:56]} d5 {[%clk 1:30:49]} 2. c4 {[%clk 1:31:15]} e6
{[%clk 1:31:12]} 3. Nf3 {[%clk 1:31:03]} Nf6 {[%clk 1:31:33]} 4. g3
{[%clk 1:31:23]} Be7 {[%clk 1:31:40]} 5. Bg2 {[%clk 1:31:45]} O-O
{[%clk 1:32:02]} 6. O-O {[%clk 1:32:07]} dxc4 {[%clk 1:32:01]} 7. Qc2
{[%clk 1:30:20]} b6 {[%clk 1:26:19]} 8. Bg5 {[%clk 1:30:13]} Nd5 {[%clk 1:26:20]}
9. Bxe7 {[%clk 1:26:23]} Qxe7 {[%clk 1:26:45]} 10. Qxc4 {[%clk 1:26:14]} Ba6
{[%clk 1:09:52]} 11. Qc2 {[%clk 1:26:18]} Nd7 {[%clk 1:10:00]} 12. Nc3
{[%clk 1:21:39]} Nxc3 {[%clk 1:06:30]} 13. bxc3 {[%clk 1:10:45]} Rac8
{[%clk 1:06:29]} 14. Rfe1 {[%clk 1:10:56]} c5 {[%clk 1:06:40]} 15. Qa4
{[%clk 1:11:04]} Nb8 {[%clk 1:06:50]} 16. e4 {[%clk 1:09:57]} cxd4
{[%clk 1:02:26]} 17. cxd4 {[%clk 1:10:19]} Rc4 {[%clk 0:59:35]} 18. Qd1
{[%clk 1:05:44]} Rd8 {[%clk 0:57:56]} 19. d5 {[%clk 0:58:25]} Bb7
{[%clk 0:20:37]} 20. Ne5 {[%clk 0:49:35]} Rc5 {[%clk 0:14:56]} 21. Nd3
{[%clk 0:43:51]} Ra5 {[%clk 0:06:03]} 22. Nf4 {[%clk 0:39:00]} exd5
{[%clk 0:06:29]} 23. exd5 {[%clk 0:39:16]} Qd6 {[%clk 0:06:55]} 24. Qe2
{[%clk 0:36:10]} Nd7 {[%clk 0:07:01]} 25. Rad1 {[%clk 0:34:09]} Nf6
{[%clk 0:03:21]} 26. h4 {[%clk 0:32:54]} Rc5 {[%clk 0:02:00]} 27. Qb2
{[%clk 0:16:30]} Rc7 {[%clk 0:01:45]} 28. Ne2 {[%clk 0:14:06]} Bc8
{[%clk 0:00:57]} 29. Nd4 {[%clk 0:14:06]} Bd7 {[%clk 0:00:31]} 30. Bf3
{[%clk 0:13:48]} Re8 {[%clk 0:00:38]} 31. Rxe8+ {[%clk 0:12:35]} Nxe8
{[%clk 0:01:07]} 32. Nc6 {[%clk 0:08:48]} Nf6 {[%clk 0:01:24]} 33. a4
{[%clk 0:08:02]} h6 {[%clk 0:00:32]} 34. a5 {[%clk 0:07:22]} bxa5
{[%clk 0:01:01]} 35. Nxa5 {[%clk 0:07:05]} Qb6 {[%clk 0:00:31]} 36. Qxb6
{[%clk 0:05:43]} axb6 {[%clk 0:01:00]} 37. Nc6 {[%clk 0:06:01]} Kf8
{[%clk 0:00:52]} 38. Rb1 {[%clk 0:02:05]} Rb7 {[%clk 0:01:20]} 39. Kf1
{[%clk 0:02:08]} b5 {[%clk 0:01:30]} 40. Ke2 {[%clk 0:32:06]} Rb6
{[%clk 0:31:38]} 41. Ne5 {[%clk 0:31:21]} b4 {[%clk 0:15:43]} 42. Ke3
{[%clk 0:29:59]} b3 {[%clk 0:14:40]} 43. Rb2 {[%clk 0:27:47]} Ba4
{[%clk 0:09:18]} 44. Kd4 {[%clk 0:25:43]} Rb8 {[%clk 0:04:55]} 45. Nd3
{[%clk 0:23:09]} Nd7 {[%clk 0:05:16]} 46. Bd1 {[%clk 0:21:40]} Ke7
{[%clk 0:04:38]} 47. Re2+ {[%clk 0:10:25]} Kd6 {[%clk 0:05:03]} 48. Nb2
{[%clk 0:10:43]} Bb5 {[%clk 0:02:48]} 49. Re3 {[%clk 0:10:48]} Ba6
{[%clk 0:00:34]} 50. Rxb3 {[%clk 0:10:25]} Rxb3 {[%clk 0:00:33]} 51. Bxb3
{[%clk 0:10:50]} Nf6 {[%clk 0:00:57]} 52. Nd1 {[%clk 0:10:43]} Ng4
{[%clk 0:00:38]} 53. f4 {[%clk 0:09:44]} f6 {[%clk 0:00:32]} 54. Nc3
{[%clk 0:09:39]} Nf2 {[%clk 0:00:32]} 55. Bd1 {[%clk 0:07:52]} g5
{[%clk 0:00:31]} 56. fxg5 {[%clk 0:05:42]} fxg5 {[%clk 0:00:57]} 57. hxg5
{[%clk 0:06:03]} hxg5 {[%clk 0:01:23]} 58. Bf3 {[%clk 0:06:27]} g4
{[%clk 0:00:50]} 59. Bg2 {[%clk 0:06:36]} Bc8 {[%clk 0:00:31]} 60. Nb5+
{[%clk 0:04:37]} Kd7 {[%clk 0:00:47]} 61. Ke3 {[%clk 0:04:19]} Nd1+
{[%clk 0:00:43]} 62. Kf4 {[%clk 0:04:41]} Bb7 {[%clk 0:00:52]} 63. Be4
{[%clk 0:04:48]} Nf2 {[%clk 0:00:50]} 64. Bf5+ {[%clk 0:05:02]} Kd8
{[%clk 0:00:35]} 65. d6 {[%clk 0:05:19]} Bc8 {[%clk 0:00:35]} 66. Bc2
{[%clk 0:05:26]} Kd7 {[%clk 0:00:31]} 67. Ke5 {[%clk 0:03:32]} Kd8
{[%clk 0:00:42]} 68. Nd4 {[%clk 0:02:41]} Bd7 {[%clk 0:01:00]} 69. Be4
{[%clk 0:02:15]} Nd1 {[%clk 0:01:17]} 70. Kf4 {[%clk 0:02:28]} Nf2
{[%clk 0:01:12]} 71. Bc2 {[%clk 0:02:03]} Nh3+ {[%clk 0:01:03]} 72. Ke5
{[%clk 0:02:22]} Nf2 {[%clk 0:00:32]} 73. Be4 {[%clk 0:02:34]} Nd1
{[%clk 0:00:41]} 74. Nb3 {[%clk 0:02:54]} Ne3 {[%clk 0:00:41]} 75. Bd3
{[%clk 0:03:12]} Nd1 {[%clk 0:00:52]} 76. Nc5 {[%clk 0:03:34]} Ne3
{[%clk 0:00:34]} 77. Nxd7 {[%clk 0:02:59]} Kxd7 {[%clk 0:01:03]} 78. Bb5+
{[%clk 0:03:20]} Kd8 {[%clk 0:01:27]} 79. Kf4 {[%clk 0:03:43]} Nc2
{[%clk 0:00:44]} 80. Kxg4 {[%clk 0:03:59]} Na3 {[%clk 0:00:42]} 81. Bd3
{[%clk 0:04:16]} Kd7 {[%clk 0:01:06]} 82. Kf5 {[%clk 0:04:41]} Kxd6
{[%clk 0:01:31]} 83. Kf6 {[%clk 0:05:07]} Kd5 {[%clk 0:01:44]} 84. g4
{[%clk 0:05:31]} 1-0

[Event "High League 2022 men"]
[Site "Obninsk"]
[Date "2022.07.03"]
[Round "7.5"]
[White "Rakhmanov, Aleksandr"]
[Black "Kobalia, Mikhail"]
[Result "1/2-1/2"]
[LiveChessVersion "1.4.7"]
[BlackElo "2590"]
[WhiteElo "2635"]

1. d4 {[%clk 1:30:42]} d5 {[%clk 1:30:47]} 2. c4 {[%clk 1:30:48]} e6
{[%clk 1:30:54]} 3. Nc3 {[%clk 1:29:20]} c6 {[%clk 1:31:09]} 4. e4
{[%clk 1:29:29]} dxe4 {[%clk 1:31:04]} 5. Nxe4 {[%clk 1:29:49]} Bb4+
{[%clk 1:31:30]} 6. Nc3 {[%clk 1:30:09]} c5 {[%clk 1:31:32]} 7. Nf3
{[%clk 1:30:19]} Nf6 {[%clk 1:31:56]} 8. Be2 {[%clk 1:30:35]} cxd4
{[%clk 1:25:19]} 9. Nxd4 {[%clk 1:28:55]} O-O {[%clk 1:25:06]} 10. O-O
{[%clk 1:29:02]} Qe7 {[%clk 1:21:49]} 11. Qb3 {[%clk 1:23:14]} Bc5
{[%clk 1:13:37]} 12. Nc2 {[%clk 1:16:32]} b6 {[%clk 1:00:09]} 13. Na4
{[%clk 1:09:21]} Na6 {[%clk 0:59:49]} 14. Nxc5 {[%clk 1:07:06]} Nxc5
{[%clk 1:00:11]} 15. Qe3 {[%clk 1:03:22]} Bb7 {[%clk 0:55:23]} 16. b3
{[%clk 1:01:14]} Be4 {[%clk 0:54:51]} 17. Nd4 {[%clk 0:59:45]} e5
{[%clk 0:51:56]} 18. Nb5 {[%clk 0:59:24]} Rfd8 {[%clk 0:42:55]} 19. Ba3
{[%clk 0:54:29]} Bc6 {[%clk 0:39:17]} 20. Nc3 {[%clk 0:52:00]} Rd4
{[%clk 0:36:01]} 21. Rad1 {[%clk 0:34:35]} Rad8 {[%clk 0:36:21]} 22. Rxd4
{[%clk 0:34:02]} Rxd4 {[%clk 0:36:43]} 23. f4 {[%clk 0:33:39]} Nfd7
{[%clk 0:31:33]} 24. fxe5 {[%clk 0:17:25]} Qxe5 {[%clk 0:31:22]} 25. Bc1
{[%clk 0:13:39]} Nd3 {[%clk 0:24:56]} 26. Bd2 {[%clk 0:08:01]} f6
{[%clk 0:23:37]} 27. h3 {[%clk 0:06:33]} Rd6 {[%clk 0:22:07]} 28. Qxe5
{[%clk 0:06:09]} N7xe5 {[%clk 0:22:30]} 29. Be3 {[%clk 0:06:23]} Kf7
{[%clk 0:20:57]} 30. g4 {[%clk 0:06:08]} h6 {[%clk 0:20:54]} 31. Kh2
{[%clk 0:06:14]} Re6 {[%clk 0:19:51]} 32. Bd2 {[%clk 0:04:47]} Rd6
{[%clk 0:19:05]} 33. Kg3 {[%clk 0:04:00]} Ke7 {[%clk 0:19:12]} 34. Be3
{[%clk 0:03:27]} Re6 {[%clk 0:18:56]} 35. Bd2 {[%clk 0:03:13]} Rd6
{[%clk 0:19:23]} 36. Be3 {[%clk 0:02:46]} Re6 {[%clk 0:19:51]} 37. Bd2
{[%clk 0:02:49]} 1/2-1/2

[Event "High League 2022 men"]
[Site "Obninsk"]
[Date "2022.07.03"]
[Round "7.6"]
[White "Riazantsev, Alexander"]
[Black "Afanasiev, Nikita"]
[Result "0-1"]
[LiveChessVersion "1.4.7"]
[BlackElo "2583"]
[WhiteElo "2635"]

1. d4 {[%clk 1:30:58]} Nf6 {[%clk 1:30:55]} 2. c4 {[%clk 1:31:23]} e6
{[%clk 1:31:21]} 3. Nf3 {[%clk 1:31:42]} Bb4+ {[%clk 1:31:45]} 4. Bd2
{[%clk 1:28:45]} a5 {[%clk 1:31:49]} 5. g3 {[%clk 1:27:34]} d6 {[%clk 1:31:08]}
6. Bg2 {[%clk 1:26:58]} Nbd7 {[%clk 1:31:23]} 7. O-O {[%clk 1:25:59]} e5
{[%clk 1:31:47]} 8. e3 {[%clk 1:20:25]} Bxd2 {[%clk 1:28:57]} 9. Nfxd2
{[%clk 1:19:35]} O-O {[%clk 1:28:51]} 10. Nc3 {[%clk 1:20:04]} Re8
{[%clk 1:28:31]} 11. Qc2 {[%clk 1:16:52]} c6 {[%clk 1:22:21]} 12. Rad1
{[%clk 1:10:49]} Qe7 {[%clk 1:19:37]} 13. h3 {[%clk 1:02:30]} Nb6
{[%clk 1:11:52]} 14. b3 {[%clk 0:39:23]} g6 {[%clk 1:05:11]} 15. Qc1
{[%clk 0:35:22]} Be6 {[%clk 0:53:19]} 16. Rfe1 {[%clk 0:29:28]} Red8
{[%clk 0:43:38]} 17. f4 {[%clk 0:23:20]} h5 {[%clk 0:35:02]} 18. Re2
{[%clk 0:14:19]} Qf8 {[%clk 0:28:31]} 19. Rf2 {[%clk 0:14:23]} exd4
{[%clk 0:28:08]} 20. exd4 {[%clk 0:14:48]} Bf5 {[%clk 0:27:34]} 21. Re1
{[%clk 0:10:05]} Re8 {[%clk 0:26:28]} 22. Rfe2 {[%clk 0:10:30]} Rxe2
{[%clk 0:26:05]} 23. Rxe2 {[%clk 0:10:59]} Re8 {[%clk 0:25:41]} 24. Qe1
{[%clk 0:11:14]} Rxe2 {[%clk 0:25:25]} 25. Qxe2 {[%clk 0:11:43]} d5
{[%clk 0:25:35]} 26. c5 {[%clk 0:09:25]} Nbd7 {[%clk 0:25:22]} 27. Nd1
{[%clk 0:09:06]} b6 {[%clk 0:23:24]} 28. cxb6 {[%clk 0:08:15]} Qb4
{[%clk 0:22:46]} 29. Qe3 {[%clk 0:07:17]} Qxb6 {[%clk 0:22:18]} 30. Nf2
{[%clk 0:03:26]} Nf8 {[%clk 0:21:49]} 31. Qe5 {[%clk 0:03:55]} N6d7
{[%clk 0:21:52]} 32. Qe3 {[%clk 0:04:24]} Ne6 {[%clk 0:21:54]} 33. g4
{[%clk 0:04:25]} hxg4 {[%clk 0:22:14]} 34. hxg4 {[%clk 0:04:54]} Bc2
{[%clk 0:22:33]} 35. Nf3 {[%clk 0:05:08]} Bb1 {[%clk 0:21:08]} 36. Bh3
{[%clk 0:02:56]} c5 {[%clk 0:17:42]} 37. dxc5 {[%clk 0:00:42]} Qxc5
{[%clk 0:17:45]} 38. Qd2 {[%clk 0:00:55]} Nf6 {[%clk 0:17:50]} 39. Kh2
{[%clk 0:00:34]} Nxf4 {[%clk 0:17:36]} 40. Nd4 {[%clk 0:30:36]} Ne4
{[%clk 0:45:05]} 41. Nxe4 {[%clk 0:28:58]} dxe4 {[%clk 0:42:14]} 42. Nf5
{[%clk 0:25:37]} Ne6 {[%clk 0:41:51]} 43. Ne3 {[%clk 0:22:19]} Bxa2
{[%clk 0:32:31]} 0-1

[Event "High League 2022 men"]
[Site "Obninsk"]
[Date "2022.07.03"]
[Round "7.7"]
[White "Sychev, Klementy"]
[Black "Ponkratov, Pavel"]
[Result "1-0"]
[LiveChessVersion "1.4.7"]
[BlackElo "2631"]
[WhiteElo "2534"]

1. e4 {[%clk 1:30:49]} c5 {[%clk 1:30:54]} 2. Nf3 {[%clk 1:31:13]} d6
{[%clk 1:31:21]} 3. d4 {[%clk 1:31:21]} cxd4 {[%clk 1:31:46]} 4. Nxd4
{[%clk 1:31:45]} Nf6 {[%clk 1:32:12]} 5. Nc3 {[%clk 1:31:12]} h6 {[%clk 1:32:38]}
6. Bc4 {[%clk 1:05:26]} a6 {[%clk 1:32:40]} 7. Bb3 {[%clk 1:02:05]} e6
{[%clk 1:29:27]} 8. f4 {[%clk 0:57:33]} Qc7 {[%clk 1:24:51]} 9. Qf3
{[%clk 0:46:51]} Nbd7 {[%clk 1:22:07]} 10. Be3 {[%clk 0:40:30]} Nc5
{[%clk 1:22:13]} 11. O-O {[%clk 0:35:43]} Be7 {[%clk 1:16:31]} 12. Qg3
{[%clk 0:26:42]} h5 {[%clk 1:11:21]} 13. f5 {[%clk 0:23:34]} Nxb3
{[%clk 0:52:38]} 14. cxb3 {[%clk 0:22:41]} h4 {[%clk 0:52:52]} 15. Qxg7
{[%clk 0:15:00]} Rh7 {[%clk 0:50:45]} 16. Qg5 {[%clk 0:15:18]} Rh5
{[%clk 0:51:08]} 17. Qg7 {[%clk 0:14:21]} Rh7 {[%clk 0:51:33]} 18. Qg5
{[%clk 0:14:49]} Rh5 {[%clk 0:51:59]} 19. Qf4 {[%clk 0:15:00]} e5
{[%clk 0:52:24]} 20. Qf3 {[%clk 0:15:26]} exd4 {[%clk 0:52:44]} 21. Bxd4
{[%clk 0:15:37]} Rg5 {[%clk 0:52:38]} 22. Qe3 {[%clk 0:08:57]} Ng4
{[%clk 0:43:30]} 23. Qf4 {[%clk 0:08:10]} h3 {[%clk 0:41:32]} 24. Rfc1
{[%clk 0:02:42]} Qa5 {[%clk 0:40:23]} 25. Nd5 {[%clk 0:02:30]} Rxf5
{[%clk 0:40:11]} 26. Rxc8+ {[%clk 0:01:59]} Rxc8 {[%clk 0:40:37]} 27. Qxg4
{[%clk 0:01:33]} Qd2 {[%clk 0:39:56]} 28. exf5 {[%clk 0:01:44]} Rc1+
{[%clk 0:39:51]} 29. Rxc1 {[%clk 0:02:11]} Qxc1+ {[%clk 0:40:18]} 30. Kf2
{[%clk 0:02:37]} Qd2+ {[%clk 0:40:45]} 31. Kf3 {[%clk 0:02:02]} hxg2
{[%clk 0:40:52]} 32. Qe4 {[%clk 0:02:15]} 1-0

[Event "High League 2022 men"]
[Site "Obninsk"]
[Date "2022.07.03"]
[Round "7.8"]
[White "Lysyj, Igor"]
[Black "Salemgareev, Tagir"]
[Result "1/2-1/2"]
[LiveChessVersion "1.4.7"]
[BlackElo "2490"]
[WhiteElo "2604"]

1. d4 {[%clk 1:29:38]} Nf6 {[%clk 1:30:53]} 2. c4 {[%clk 1:30:00]} e6
{[%clk 1:31:17]} 3. Nf3 {[%clk 1:30:27]} Bb4+ {[%clk 1:31:35]} 4. Bd2
{[%clk 1:30:49]} c5 {[%clk 1:32:00]} 5. Bxb4 {[%clk 1:30:03]} cxb4
{[%clk 1:32:26]} 6. g3 {[%clk 1:30:29]} b6 {[%clk 1:32:47]} 7. Bg2
{[%clk 1:30:47]} Bb7 {[%clk 1:33:13]} 8. O-O {[%clk 1:30:59]} O-O
{[%clk 1:32:04]} 9. Qd3 {[%clk 1:29:10]} d6 {[%clk 1:28:23]} 10. Rd1
{[%clk 1:27:20]} Nc6 {[%clk 1:17:24]} 11. d5 {[%clk 1:24:32]} exd5
{[%clk 1:17:27]} 12. cxd5 {[%clk 1:21:58]} Ne7 {[%clk 1:17:51]} 13. e4
{[%clk 1:19:14]} a5 {[%clk 1:18:04]} 14. Nbd2 {[%clk 1:17:01]} Ng6
{[%clk 1:16:49]} 15. Rac1 {[%clk 1:07:25]} Nd7 {[%clk 1:12:55]} 16. Qd4
{[%clk 1:04:13]} Nc5 {[%clk 1:12:30]} 17. Nc4 {[%clk 1:01:16]} Re8
{[%clk 1:09:17]} 18. e5 {[%clk 0:58:21]} dxe5 {[%clk 1:09:18]} 19. Nfxe5
{[%clk 0:57:36]} Nxe5 {[%clk 1:09:32]} 20. Nxe5 {[%clk 0:58:00]} Qf6
{[%clk 1:09:57]} 21. f4 {[%clk 0:53:24]} Rad8 {[%clk 1:02:14]} 22. Qf2
{[%clk 0:48:12]} h6 {[%clk 0:54:51]} 23. Rd4 {[%clk 0:45:45]} Ba6
{[%clk 0:51:58]} 24. Re1 {[%clk 0:39:19]} Qd6 {[%clk 0:41:37]} 25. Re3
{[%clk 0:33:20]} Bb5 {[%clk 0:29:45]} 26. Nc6 {[%clk 0:27:36]} Ra8
{[%clk 0:29:28]} 27. Rd2 {[%clk 0:24:34]} Kf8 {[%clk 0:27:04]} 28. Re5
{[%clk 0:22:56]} Qg6 {[%clk 0:23:46]} 29. h4 {[%clk 0:17:21]} Nd3
{[%clk 0:18:25]} 30. h5 {[%clk 0:12:11]} Nxf2 {[%clk 0:16:16]} 31. hxg6
{[%clk 0:12:37]} Ng4 {[%clk 0:16:41]} 32. gxf7 {[%clk 0:10:19]} Kxf7
{[%clk 0:17:06]} 33. d6 {[%clk 0:08:11]} Bxc6 {[%clk 0:14:34]} 34. Bxc6
{[%clk 0:08:19]} Nxe5 {[%clk 0:14:52]} 35. fxe5 {[%clk 0:08:40]} Rad8
{[%clk 0:15:12]} 36. Rd5 {[%clk 0:04:42]} Ke6 {[%clk 0:15:13]} 37. Rb5
{[%clk 0:05:00]} Rf8 {[%clk 0:13:50]} 38. Bg2 {[%clk 0:05:17]} Rf5
{[%clk 0:12:41]} 39. Bh3 {[%clk 0:05:39]} g6 {[%clk 0:13:01]} 40. Bxf5+
{[%clk 0:34:34]} gxf5 {[%clk 0:41:00]} 41. Kf2 {[%clk 0:28:55]} Rc8
{[%clk 0:38:08]} 42. Ke3 {[%clk 0:27:03]} Rg8 {[%clk 0:38:16]} 43. Kf3
{[%clk 0:27:09]} Rc8 {[%clk 0:35:51]} 44. b3 {[%clk 0:17:25]} Rc3+
{[%clk 0:36:07]} 45. Kf4 {[%clk 0:17:03]} Rd3 {[%clk 0:36:18]} 46. Rxb6
{[%clk 0:13:37]} Rd4+ {[%clk 0:36:42]} 47. Kf3 {[%clk 0:10:25]} Kxe5
{[%clk 0:37:04]} 48. Rb5+ {[%clk 0:10:52]} Kxd6 {[%clk 0:36:46]} 49. Rxf5
{[%clk 0:10:52]} a4 {[%clk 0:36:56]} 50. bxa4 {[%clk 0:09:19]} Rd3+
{[%clk 0:37:21]} 51. Kg4 {[%clk 0:09:28]} Ra3 {[%clk 0:37:46]} 52. Rf2
{[%clk 0:09:08]} Kc5 {[%clk 0:37:12]} 53. a5 {[%clk 0:06:47]} Rxa5
{[%clk 0:36:44]} 54. Rf5+ {[%clk 0:06:15]} Kb6 {[%clk 0:37:09]} 55. Rxa5
{[%clk 0:06:34]} Kxa5 {[%clk 0:37:37]} 56. Kh5 {[%clk 0:07:00]} Ka4
{[%clk 0:38:01]} 57. Kxh6 {[%clk 0:07:26]} Ka3 {[%clk 0:38:28]} 58. g4
{[%clk 0:07:52]} Kxa2 {[%clk 0:38:55]} 59. g5 {[%clk 0:08:16]} 1/2-1/2

[Event "High League 2022 men"]
[Site "Obninsk"]
[Date "2022.07.03"]
[Round "7.9"]
[White "Zakhartsov, Vladimir"]
[Black "Sakaev, Konstantin"]
[Result "1/2-1/2"]
[LiveChessVersion "1.4.7"]
[BlackElo "2603"]
[WhiteElo "2483"]

1. e4 {[%clk 1:28:16]} c5 {[%clk 1:30:53]} 2. Nf3 {[%clk 1:28:40]} d6
{[%clk 1:31:17]} 3. d4 {[%clk 1:29:04]} cxd4 {[%clk 1:31:41]} 4. Nxd4
{[%clk 1:29:31]} Nf6 {[%clk 1:32:04]} 5. Nc3 {[%clk 1:29:58]} a6 {[%clk 1:32:29]}
6. Bg5 {[%clk 1:30:23]} Nbd7 {[%clk 1:32:27]} 7. Qe2 {[%clk 1:30:30]} h6
{[%clk 1:32:33]} 8. Bh4 {[%clk 1:30:41]} g6 {[%clk 1:31:48]} 9. f4
{[%clk 1:31:04]} e5 {[%clk 1:31:52]} 10. fxe5 {[%clk 1:31:29]} dxe5
{[%clk 1:32:17]} 11. O-O-O {[%clk 1:31:50]} Qc7 {[%clk 1:30:59]} 12. Nb3
{[%clk 1:32:12]} b5 {[%clk 1:31:10]} 13. Rxd7 {[%clk 1:32:33]} Nxd7
{[%clk 1:31:25]} 14. Nd5 {[%clk 1:32:57]} Qb8 {[%clk 1:30:18]} 15. Bf6
{[%clk 1:32:20]} Nxf6 {[%clk 1:25:38]} 16. Nxf6+ {[%clk 1:32:44]} Ke7
{[%clk 1:25:32]} 17. Nd5+ {[%clk 1:33:09]} Ke8 {[%clk 1:25:37]} 18. Nf6+
{[%clk 1:33:34]} Ke7 {[%clk 1:25:52]} 19. Nd5+ {[%clk 1:33:59]} 1/2-1/2

[Event "High League 2022 men"]
[Site "Obninsk"]
[Date "2022.07.03"]
[Round "7.10"]
[White "Shubin, Kirill"]
[Black "Alekseev, Evgeny"]
[Result "1-0"]
[LiveChessVersion "1.4.7"]
[BlackElo "2601"]
[WhiteElo "2475"]

1. e4 {[%clk 1:30:56]} c5 {[%clk 1:30:18]} 2. Nf3 {[%clk 1:31:21]} e6
{[%clk 1:29:58]} 3. d4 {[%clk 1:31:23]} cxd4 {[%clk 1:27:00]} 4. Nxd4
{[%clk 1:31:26]} Nc6 {[%clk 1:26:24]} 5. Nc3 {[%clk 1:31:52]} a6 {[%clk 1:25:54]}
6. g4 {[%clk 1:32:03]} Qc7 {[%clk 1:12:35]} 7. Be3 {[%clk 1:32:19]} b5
{[%clk 1:11:50]} 8. Nxc6 {[%clk 1:32:13]} Qxc6 {[%clk 1:09:03]} 9. Qd2
{[%clk 1:32:36]} Bb7 {[%clk 1:02:16]} 10. O-O-O {[%clk 1:31:49]} Nf6
{[%clk 0:52:10]} 11. f3 {[%clk 1:31:49]} Rc8 {[%clk 0:44:49]} 12. g5
{[%clk 1:27:27]} Nh5 {[%clk 0:43:30]} 13. Bh3 {[%clk 1:27:20]} h6
{[%clk 0:40:14]} 14. gxh6 {[%clk 1:22:27]} g6 {[%clk 0:40:35]} 15. Kb1
{[%clk 1:05:09]} Be7 {[%clk 0:39:29]} 16. Rhe1 {[%clk 1:01:37]} Nf6
{[%clk 0:31:04]} 17. Bd4 {[%clk 1:00:18]} Rh7 {[%clk 0:30:31]} 18. Ne2
{[%clk 0:49:31]} Qc7 {[%clk 0:20:13]} 19. Nc3 {[%clk 0:41:48]} Qc6
{[%clk 0:16:02]} 20. a3 {[%clk 0:36:57]} Qc7 {[%clk 0:11:38]} 21. Bf1
{[%clk 0:33:11]} Bc6 {[%clk 0:11:18]} 22. Bd3 {[%clk 0:29:52]} Qb7
{[%clk 0:03:49]} 23. Na2 {[%clk 0:25:19]} Qc7 {[%clk 0:03:31]} 24. Nb4
{[%clk 0:24:20]} Bb7 {[%clk 0:03:28]} 25. f4 {[%clk 0:20:57]} a5 {[%clk 0:01:41]}
26. Na2 {[%clk 0:20:12]} b4 {[%clk 0:01:18]} 27. f5 {[%clk 0:18:34]} e5
{[%clk 0:00:47]} 28. fxg6 {[%clk 0:19:00]} fxg6 {[%clk 0:01:14]} 29. Qg5
{[%clk 0:18:36]} exd4 {[%clk 0:01:26]} 30. e5 {[%clk 0:18:11]} Ng8
{[%clk 0:01:51]} 31. Qxg6+ {[%clk 0:18:35]} 1-0

[Event "High League 2022 men"]
[Site "Obninsk"]
[Date "2022.07.03"]
[Round "7.11"]
[White "Zvjaginsev, Vadim"]
[Black "Shuvalova, Polina"]
[Result "1-0"]
[LiveChessVersion "1.4.7"]
[BlackElo "2498"]
[WhiteElo "2603"]

1. e4 {[%clk 1:29:20]} e5 {[%clk 1:30:55]} 2. Nf3 {[%clk 1:29:45]} Nc6
{[%clk 1:31:21]} 3. Bb5 {[%clk 1:29:57]} a6 {[%clk 1:31:46]} 4. Ba4
{[%clk 1:30:22]} Nf6 {[%clk 1:32:12]} 5. O-O {[%clk 1:30:37]} Be7
{[%clk 1:32:35]} 6. Bxc6 {[%clk 1:29:56]} dxc6 {[%clk 1:32:55]} 7. d3
{[%clk 1:30:22]} Nd7 {[%clk 1:29:08]} 8. Be3 {[%clk 1:30:26]} O-O
{[%clk 1:28:37]} 9. Nbd2 {[%clk 1:29:22]} Re8 {[%clk 1:22:30]} 10. Kh1
{[%clk 1:28:47]} a5 {[%clk 1:19:50]} 11. a4 {[%clk 1:27:36]} Bf6 {[%clk 1:13:33]}
12. Nc4 {[%clk 1:20:01]} Nf8 {[%clk 1:11:20]} 13. Qd2 {[%clk 1:16:52]} b6
{[%clk 1:10:48]} 14. Bg5 {[%clk 1:14:42]} Bxg5 {[%clk 1:04:30]} 15. Nxg5
{[%clk 1:14:47]} Ba6 {[%clk 1:03:40]} 16. b3 {[%clk 1:12:17]} f6 {[%clk 1:02:35]}
17. Nh3 {[%clk 1:12:11]} Bxc4 {[%clk 1:02:03]} 18. bxc4 {[%clk 1:12:36]} c5
{[%clk 1:01:37]} 19. Ng1 {[%clk 1:09:34]} Ne6 {[%clk 0:59:16]} 20. Ne2
{[%clk 1:07:14]} Qd7 {[%clk 0:56:37]} 21. Nc3 {[%clk 1:06:42]} c6
{[%clk 0:55:26]} 22. Nd1 {[%clk 1:02:45]} Ra7 {[%clk 0:34:20]} 23. Ne3
{[%clk 1:02:45]} Kh8 {[%clk 0:34:31]} 24. f3 {[%clk 0:56:35]} Rb8
{[%clk 0:30:55]} 25. g3 {[%clk 0:54:35]} Nd8 {[%clk 0:28:58]} 26. f4
{[%clk 0:49:27]} Nf7 {[%clk 0:29:08]} 27. Qe2 {[%clk 0:43:40]} b5
{[%clk 0:26:56]} 28. axb5 {[%clk 0:35:44]} cxb5 {[%clk 0:27:20]} 29. cxb5
{[%clk 0:36:02]} Qxb5 {[%clk 0:22:42]} 30. Nc4 {[%clk 0:32:30]} a4
{[%clk 0:22:25]} 31. Qd2 {[%clk 0:25:55]} h6 {[%clk 0:20:47]} 32. Qc3
{[%clk 0:22:47]} exf4 {[%clk 0:16:27]} 33. gxf4 {[%clk 0:21:44]} Qc6
{[%clk 0:16:37]} 34. Kg1 {[%clk 0:13:46]} Nd6 {[%clk 0:15:58]} 35. Ne3
{[%clk 0:13:56]} a3 {[%clk 0:14:54]} 36. Ra2 {[%clk 0:13:32]} Nb5
{[%clk 0:12:59]} 37. Qc4 {[%clk 0:13:46]} Qc8 {[%clk 0:11:11]} 38. Nf5
{[%clk 0:11:18]} Rab7 {[%clk 0:06:39]} 39. c3 {[%clk 0:08:18]} Qc7
{[%clk 0:05:14]} 40. Nh4 {[%clk 0:34:23]} Qd7 {[%clk 0:30:38]} 41. f5
{[%clk 0:31:27]} Kh7 {[%clk 0:25:19]} 42. Ng6 {[%clk 0:30:52]} Qc7
{[%clk 0:21:43]} 43. e5 {[%clk 0:21:07]} fxe5 {[%clk 0:20:04]} 44. f6
{[%clk 0:20:58]} gxf6 {[%clk 0:16:37]} 45. Rg2 {[%clk 0:15:34]} Nd6
{[%clk 0:09:39]} 46. Qe6 {[%clk 0:11:56]} Rb2 {[%clk 0:01:44]} 47. Rg3
{[%clk 0:10:07]} a2 {[%clk 0:01:10]} 48. Ne7 {[%clk 0:09:32]} Qd8
{[%clk 0:00:32]} 49. Qxf6 {[%clk 0:09:15]} 1-0

[Event "High League 2022 men"]
[Site "Obninsk"]
[Date "2022.07.03"]
[Round "7.12"]
[White "Grebnev, Aleksey"]
[Black "Dreev, Aleksey"]
[Result "1/2-1/2"]
[LiveChessVersion "1.4.7"]
[BlackElo "2610"]
[WhiteElo "2439"]

1. d4 {[%clk 1:30:52]} d5 {[%clk 1:30:54]} 2. c4 {[%clk 1:31:17]} e6
{[%clk 1:31:20]} 3. Nc3 {[%clk 1:31:42]} Nf6 {[%clk 1:31:36]} 4. cxd5
{[%clk 1:32:04]} exd5 {[%clk 1:31:59]} 5. Bg5 {[%clk 1:32:27]} c6
{[%clk 1:32:12]} 6. e3 {[%clk 1:32:50]} h6 {[%clk 1:32:22]} 7. Bh4
{[%clk 1:32:04]} Be7 {[%clk 1:32:39]} 8. Bd3 {[%clk 1:32:21]} O-O
{[%clk 1:32:57]} 9. Qc2 {[%clk 1:32:34]} Re8 {[%clk 1:32:24]} 10. Nge2
{[%clk 1:32:38]} Nbd7 {[%clk 1:32:25]} 11. O-O {[%clk 1:32:22]} Nh5
{[%clk 1:14:54]} 12. Bxe7 {[%clk 1:32:25]} Qxe7 {[%clk 1:15:20]} 13. Rab1
{[%clk 1:32:04]} a5 {[%clk 1:07:20]} 14. Na4 {[%clk 1:29:54]} Nhf6
{[%clk 1:05:10]} 15. h3 {[%clk 1:26:16]} Qd6 {[%clk 0:58:12]} 16. Rfc1
{[%clk 1:25:25]} Ne4 {[%clk 0:58:27]} 17. Bxe4 {[%clk 1:23:39]} Rxe4
{[%clk 0:57:58]} 18. a3 {[%clk 1:22:27]} Re8 {[%clk 0:44:11]} 19. Nc5
{[%clk 1:21:27]} 1/2-1/2